000 00726nam a2200217 a 4500
005 20140224093837.0
008 140224b1996 ck ||||| |||| 00| 0 spa d
041 _aspa
044 _ack
090 _aLB
_b00812
100 _aHodson de Jaramillo, Elizabeth
_99360
245 _aBiotecnología cinco años de investigaciones en Colombia 1991 - 1996
260 _aBogotá
_bInstituto Colombiano para el Desarrollo de la Ciencia y la Tecnología "Francisco José de Caldas"
_c1996
300 _a119 p.
650 _aBiotecnología
_99361
650 _aInvestigación científica
_92634
650 _aColecciones biológicas
_94146
662 _aColombia
700 _aAramendis Ramírez, Rafael H.
_96787
942 _cImpreso
_2z
999 _c825
_d825